Readings in industrial and business psychology. (رقم التسجيلة. 22456)

تفاصيل مارك
000 -الفاتح
حقل البيانات ثابتة الطول 00941cam a22003011 4500
001 - رقم الضبط
رقم الضبط 8907043
003 - محدد رقم الضبط
رقم الضبط OSt
005 - وقت وتاريخ اخر تعامل مع التسجيلة
رقم الضبط 20150408114027.0
008 - عناصر البيانات ثابتة الطول - معلومات عامة
حقل البيانات ثابتة الطول 730221s1962 nyua 000 0 eng
010 ## - رقم ضبط مكتبة الكونجرس
رقم ضبط مكتبة الكونجرس 62013816
015 ## - رقم الببليوجرافية الوطنية
رقم الببليوجرافية الوطنية GB62-12294
035 ## - رقم ضبط النظام
رقم ضبط النظام (OCoLC)562205
040 ## - مصدر الفهرسة
وكالة الفهرسة الأصلية DLC
وكالة النسخ ODaWU
وكالة التعديل OCoLC
-- DNLM
-- Uk
-- DLC
042 ## - رمز التحقق
رمز التحقق premarc
050 00 - رقم طلب مكتبة الكونجرس
رقم التصنيف T58
رقم المادة .K34 1962
060 0# - رقم الطلب بالمكتبة الطبية الوطنية
رقم التصنيف T 58
رقم المادة K185r 1962
082 ## - رقم تصنيف ديوى العشرى
رقم التصنيف 658.082
100 1# - المدخل الرئيسى - إسم شخصى
الإسم الشخصى Karn, Harry W.,
التواريخ المصاحبة للاسم 1907-
الدور ed.
9 (RLIN) 11761
245 10 - بيان العنوان
العنوان Readings in industrial and business psychology.
بيان المسئوليه,etc Edited by Harry W. Karn [and] B. von Haller Gilmer.
250 ## - بيان الطبعة
بيان الطبعة 2d ed.
260 ## - PUBLICATION, DISTRIBUTION, ETC. (IMPRINT)
مكان الناشر او الموزع New York,
اسم الناشر او الموزع McGraw-Hill,
تاريخ النشر أو التوزيع 1962.
300 ## - الوصف المادى
التعداد 515 p.
تفاصيل ماديه اخرى للوعاء illus.
أبعاد الوعاء 24 cm.
440 #0 - بيان السلسلة/مدخل إضافى-العنوان
العنوان McGraw-Hill series in psychology
9 (RLIN) 11762
650 #0 - المدخل الاضافى بالموضوع-مصطلح موضوعى
مصطلح موضوعي أو اسم جغرافي كعنصر مدخل Psychology, Industrial.
9 (RLIN) 11763
650 #0 - المدخل الاضافى بالموضوع-مصطلح موضوعى
مصطلح موضوعي أو اسم جغرافي كعنصر مدخل Industrial management.
9 (RLIN) 4392
700 1# - المدخل الاضافى - اسم شخصى
الإسم الشخصى Gilmer, Beverly von Haller,
التواريخ المصاحبة للاسم 1909-
الدور joint ed.
9 (RLIN) 11764
942 ## - عناصر المدخل الإضافي( كوها)
مصدر التصنيف او مخطط الترفيف Dewey Decimal Classification
Koha [default] item type كتاب
المقتنيات
حالة الفقد نموذج السعر الفعال حالة تلف ليس للاعارة رقم الطلب تاريخ الاكتساب الموقع الحالي الباركود الفرع الرئيسي Date last seen نوع المادة فى نظام كوها مصدر التصنيف او خطة الترفيف Total Checkouts
  2013-03-10     658.082 K H R 2012-04-21 مكتبة مجمع الطالبات بالمجمعة (EMF) 00024744 مكتبة مجمع الطالبات بالمجمعة (EMF) 2013-03-10 كتاب Dewey Decimal Classification